LEADER 02349oam 2200613M 450 001 9910716226303321 005 20200213070524.7 035 $a(CKB)5470000002519865 035 $a(OCoLC)1065819544 035 $a(OCoLC)995470000002519865 035 $a(EXLCZ)995470000002519865 100 $a20071213d1926 ua 0 101 0 $aeng 135 $aurcn||||||||| 181 $ctxt$2rdacontent 182 $cc$2rdamedia 183 $acr$2rdacarrier 200 10$aTo provide compensation for employees injured and dependents of employees killed in certain maritime employments. May 13, 1926. -- Committed to the Committee of the Whole House on the State of the Union and ordered to be printed 210 1$a[Washington, D.C.] :$c[U.S. Government Printing Office],$d1926. 215 $a1 online resource (3 pages) 225 1 $aHouse report / 69th Congress, 1st session. House ;$vno. 1190 225 1 $a[United States congressional serial set ] ;$v[serial no. 8534] 300 $aBatch processed record: Metadata reviewed, not verified. Some fields updated by batch processes. 300 $aFDLP item number not assigned. 606 $aConstitutional law 606 $aMaritime law 606 $aShips 606 $aSurvivors' benefits 606 $aAppellate courts$xRules and practice 606 $aWorkers' compensation 606 $aStevedores 606 $aLongshoremen's Strike, 1971-1972 606 $aMaintenance 606 $aRepairing 608 $aLegislative materials.$2lcgft 615 0$aConstitutional law. 615 0$aMaritime law. 615 0$aShips. 615 0$aSurvivors' benefits. 615 0$aAppellate courts$xRules and practice. 615 0$aWorkers' compensation. 615 0$aStevedores. 615 0$aLongshoremen's Strike, 1971-1972. 615 0$aMaintenance. 615 0$aRepairing. 701 $aGraham$b George Scott$f1850-1931$pRepublican (PA)$01386798 801 0$bWYU 801 1$bWYU 801 2$bOCLCO 801 2$bOCLCQ 906 $aBOOK 912 $a9910716226303321 996 $aTo provide compensation for employees injured and dependents of employees killed in certain maritime employments. May 13, 1926. -- Committed to the Committee of the Whole House on the State of the Union and ordered to be printed$93436050 997 $aUNINA